Missing Word: NBC Shows (2000s) Quiz Stats

 Plays Quiz Updated Jun 6, 2013

Support Sporcle.
Go Orange.
Score 0/20 Timer 02:00
1 Play Today
Television Series Missing Word % Correct
America's Got _____Talent
93.3%
The _____ LoserBiggest
90%
_____ Rock30
88%
Parks and _____Recreation
87.7%
_____ Night LightsFriday
87.5%
Late Night with _____ FallonJimmy
86.7%
My Name Is _____Earl
86.6%
Las _____Vegas
84.1%
Dog _____ DogEat
81%
_____ FactorFear
76.1%
Television Series Missing Word % Correct
Law & Order: Criminal _____Intent
75.1%
_____ LinkWeakest
52.8%
The _____ Morgan ShowTracy
51.5%
_____ JordanCrossing
42.5%
Last _____ StandingComic
38.3%
Lipstick _____Jungle
38.3%
Studio _____ on the Sunset Strip60
25%
Kath & _____Kim
20.8%
Nashville _____Star
19.7%
_____ DreamsAmerican
19.1%

Today's Daily Dose

You're not logged in!

Compare scores with friends on all Sporcle quizzes.
OR
Log In
Forgot?

From the Vault

Initialed People AW to ZW

by citkeane

This is probably the fastest way to scroll through your famous contacts.
Remove Ads.
Support Sporcle.
Get the best of Sporcle when you Go Orange. This ad-free experience offers more features, more stats, and more fun while also helping to support Sporcle. Thank you for becoming a member.

Show Comments

Extras

Top Quizzes Today


Score Distribution

Your Account Isn't Verified!

In order to create a playlist on Sporcle, you need to verify the email address you used during registration. Go to your Sporcle Settings to finish the process.

Report this User

Report this user for behavior that violates our Community Guidelines.

Details: